| 000 | 00638cam a2200193 4500 | ||
|---|---|---|---|
| 001 | L136809 | ||
| 008 | 070220n1928 000 0 eng u | ||
| 035 | _a(Sirsi) u136809 | ||
| 041 | 0 | _aeng | |
| 050 | 0 | 4 | _a729.28 $2 18 |
| 100 | 1 | _aWaldram, Percy J. | |
| 245 | 0 | 4 | _aDaylight and public health |
| 260 |
_a[S.l.] _b[s.n.] _c1928 |
||
| 300 |
_a17p. _c23cm. |
||
| 520 | _aPaper read before the seventh meeting of the International Commission on Illumination 22-28 September 1928 | ||
| 651 | 4 | _aInternational | |
| 690 | _aBUILT ENVIRONMENT-BUILDING ELEMENTS-COMPLETE BUILDING SERVICES ELEMENTS-COMPLETE LIGHTING SYSTEMS | ||
| 942 | _n0 | ||
| 999 |
_c106510 _d106510 |
||